书目信息 |
| 题名: |
发酵工程原理与技术应用
|
|
| 作者: | 余龙江 主编 | |
| 分册: | ||
| 出版信息: | 北京 化学工业出版社 2006 |
|
| 页数: | 275页 | |
| 开本: | 26cm | |
| 丛书名: | ||
| 单 册: | ||
| 中图分类: | TQ92 | |
| 科图分类: | ||
| 主题词: | 发酵工程--高等学校--教材 , 发酵工程 | |
| 电子资源: | ||
| ISBN: | 7-5025-8037-9 | |
| 000 | 00944nam0 2200253 450 | |
| 001 | 012007275271 | |
| 005 | 20070522170822.95 | |
| 010 | @a7-5025-8037-9@dCNY29.80 | |
| 100 | @a20070515d2006 km y0chiy0120 ea | |
| 101 | 0 | @achi |
| 102 | @aCN@b110000 | |
| 105 | @ay z 000yy | |
| 106 | @ar | |
| 200 | 1 | @a发酵工程原理与技术应用@Afa jiao gong cheng yuan li yu ji shu ying yong@f余龙江主编@Fyu long jiang zhu bian |
| 210 | @a北京@c化学工业出版社@d2006 | |
| 215 | @a275页@d26cm | |
| 300 | @a普通高等教育“十一五”国家级规划教材生物工程/生物技术系列 | |
| 330 | @a本书以发酵工程的工业应用为主线,内容包括工业微生物菌种选育、工业发酵培养基设计、发酵工业无菌技术、种子扩大培养、发酵动力学、氧的供需、发酵生理及其过程控制、发酵罐的放大与设计等方面。 | |
| 606 | 0 | @a发酵工程@x高等学校@j教材 |
| 606 | 0 | @a发酵工程 |
| 690 | @aTQ92@v4 | |
| 701 | 0 | @a余龙江@Ayu long jiang@f(1966~)@4主编 |
| 801 | 0 | @aCN@bRULIN@c20070522 |
| 905 | @dTQ92@e22@s8 | |
| 发酵工程原理与技术应用/余龙江主编.-北京:化学工业出版社,2006 |
| 275页;26cm |
| 普通高等教育“十一五”国家级规划教材生物工程/生物技术系列 |
| ISBN 7-5025-8037-9:CNY29.80 |
| 本书以发酵工程的工业应用为主线,内容包括工业微生物菌种选育、工业发酵培养基设计、发酵工业无菌技术、种子扩大培养、发酵动力学、氧的供需、发酵生理及其过程控制、发酵罐的放大与设计等方面。 |
| ● |
| 相关链接 |
|
|
|
|
正题名:发酵工程原理与技术应用
索取号:TQ92/22
 
预约/预借
| 序号 | 登录号 | 条形码 | 馆藏地/架位号 | 状态 | 备注 |
| 1 | 0573813 | 205738139 | 第二样本阅览室/ [索取号:TQ92/22] | 在馆 | |
| 2 | 0573814 | 205738148 | 第三借阅区/ [索取号:TQ92/22] | 在馆 | |
| 3 | 0573815 | 205738157 | 第三借阅区/ [索取号:TQ92/22] | 在馆 | |
| 4 | 0573816 | 205738166 | 第三借阅区/ [索取号:TQ92/22] | 在馆 | |
| 5 | 0573817 | 205738175 | 第三借阅区/ [索取号:TQ92/22] | 在馆 | |
| 6 | 0573818 | 205738184 | 第三借阅区/ [索取号:TQ92/22] | 在馆 | |
| 7 | 0573819 | 205738193 | 第三借阅区/ [索取号:TQ92/22] | 在馆 | |
| 8 | 0573820 | 205738200 | 第三借阅区/ [索取号:TQ92/22] | 在馆 |